Kvantitatívna prediktívna mikrobiológia: aplikácia princípov a modelov pri predchádzaní znehodnocovania potravín dizertačná práca

Saved in:
Bibliographic Details
Main Author: Studeničová, Adriana
Format: Book
Language:Slovak
Published: Bratislava STU FCHPT 2013
Online Access:View in OPAC
Tags: Add Tag
No Tags, Be the first to tag this record!

MARC

LEADER 00000nam a2200000 a 4500
005 20260127134357.0
008 150227 2013 000 0 slo d
035 |a vtls010657490 
039 9 |y 201502270855  |z mschk03 
040 |a STUSCHK1  |b slo  |c STUSCHK1  |e AACR2 
100 1 |a Studeničová, Adriana 
245 1 |a Kvantitatívna prediktívna mikrobiológia: aplikácia princípov a modelov pri predchádzaní znehodnocovania potravín  |b dizertačná práca  |c Adriana Studeničová 
260 |a Bratislava  |b STU FCHPT  |c 2013 
300 |a 175 s.  |b il.  |c 30 cm 
500 |a Študijný program a odbor: chémia a technológia poživatín 
500 |a Školiace pracovisko: Odd. výživy a hodnotenia potravín 
910 |a SCHK95 
999 |c 11230  |d 11230